000 00668nam a2200277Ia 4500
005 20260324143944.0
008 008 260324s9999 xx 000 0 eng d
020 _a9780429058479
037 _aEBOOK
040 _aCRL
040 _beng
040 _cCRL
041 _2eng
041 _aeng
084 _qCRL
100 _aWilliam Burgwinkle; James J. Wilhelm; Lowry Nelson Jr
_91217537
245 0 _aRazos and Troubadour Songs
260 _bTaylor and Francis
260 _c1990
365 _a
365 _b205
856 _uhttp://www.taylorfrancis.com/books/9780429058479
942 _cEBOOK
999 _c1823573
_d1823573